Una nota acerca de Virgilio en el XIX centenario de su muerte (Registro nro. 164484)

Detalles MARC
000 -LEADER
campo de control de longitud fija 00824nam a2200193 i 4500
001 - NÚMERO DE CONTROL
campo de control 164484
003 - IDENTIFICADOR DE NÚMERO DE CONTROL
campo de control ES-MaACL
005 - FECHA Y HORA DE LA ÚLTIMA TRANSACCIÓN
campo de control 20250921063037.0
008 - DATOS DE LONGITUD FIJA--INFORMACIÓN GENERAL
campo de control de longitud fija 970414s1884 sp |||| | spa d
040 ## - FUENTE DE CATALOGACIÓN
Centro catalogador/agencia de origen CYL
Lengua de catalogación spa
Centro/agencia transcriptor CYL
100 1# - ENTRADA PRINCIPAL--NOMBRE DE PERSONA
Nombre de persona Salvá, Melchor,
Fechas asociadas al nombre 1834-1918
9 (RLIN) 102056
245 14 - MENCIÓN DEL TÍTULO
Título Una nota acerca de Virgilio en el XIX centenario de su muerte
Resto del título : memoria leida ante la Real Academia de Ciencias Morales y Políticas /
Mención de responsabilidad, etc. por Sr. D. Melchor Salvá.
260 ## - PUBLICACIÓN, DISTRIBUCIÓN, ETC.
Lugar de publicación, distribución, etc. Madrid :
Nombre del editor, distribuidor, etc. [s.n.],
Fecha de publicación, distribución, etc. 1884 (
Fabricante Tipografía Gutenberg)
300 ## - DESCRIPCIÓN FÍSICA
Extensión 12 p. ;
Dimensiones 26 cm.
600 04 - PUNTO DE ACCESO ADICIONAL DE MATERIA--NOMBRE DE PERSONA
Nombre de persona Virgilio Marón, Publio.
9 (RLIN) 115452
710 2# - ENTRADA AGREGADA--NOMBRE DE ENTIDAD CORPORATIVA
Nombre de entidad corporativa o nombre de jurisdicción como elemento de entrada Real Academia de Ciencias Morales y Políticas (España)
9 (RLIN) 222050
852 ## - LOCALIZACIÓN
Ubicación ES-MaACL
Número de control de estantería T-384-F-3
Nota libre -- Enc. hol., falto de la cub. original
-- -- Enc. en un vol. facticio
Existencias
Estatus retirado Estado de pérdida Estado de daño No para préstamo Colección Biblioteca de origen Biblioteca actual Ubicación en estantería Fecha de adquisición Total de préstamos Signatura topográfica completa Código de barras Visto por última vez Precio de reemplazo Tipo de ítem Koha
        Colección de folletos Biblioteca del Ateneo de Madrid Biblioteca del Ateneo de Madrid Depósito folletos 17/01/2008   T-384-F-3 1172417 23/02/2023 23/02/2023 Folleto